000 00346nam a2200133Ia 4500
008 240624s9999 xx 000 0 und d
041 _aeng
082 _a658.404 GUR
100 _aGURJAR NIKHIL
245 _aFORWARD LOOKING APPROACH TO PROJECT MANA
260 _c2017
_aSingapore
_bSpringer
300 _axxx, 401 p.; 23 cm.
365 _cERU
_b30
999 _c30096
_d30096